[Event "12. Festival GEMA63 2016 - Grupo MI "]
[Site "Mondariz Balneario ESP"]
[Date "2016.12.20"]
[Round "5.1"]
[White "Gomez Dominguez, Xabier"]
[Black "Risting, Eivind Olav"]
[Result "0-1"]
[WhiteElo "2166"]
[BlackElo "2222"]
[PlyCount "56"]
[EventDate "2016.12.17"]
[EventType "tourn"]
[EventRounds "9"]
[EventCountry "ESP"]
[SourceTitle "Ajedrez en Madrid"]
[Source "lmi"]
[SourceDate "2016.12.17"]

1. e4 c6 2. Nc3 d5 3. Nf3 Nf6 4. e5 Ne4 5. d4 Nxc3 6. bxc3 e6 7. Bd3 Be7 8. h4
h6 9. Rh3 c5 10. Rg3 Kf8 11. h5 Nc6 12. Ng1 Bh4 13. Rg4 f5 14. exf6 Bxf6 15.
Ba3 Kg8 16. Bxc5 b6 17. Ba3 e5 18. Nh3 Qc7 19. Qf3 Bxg4 20. Qxg4 Re8 21. Bg6
Qc8 22. Bf5 exd4+ 23. Kf1 Qa6+ 24. Kg1 Qxa3 25. Be6+ Kf8 26. Nf4 Ne5 27. Re1 g5
28. Rxe5 Qc1+ 0-1

[Event "12. Festival GEMA63 2016 - Grupo MI "]
[Site "Mondariz Balneario ESP"]
[Date "2016.12.20"]
[Round "5.2"]
[White "Cardenas, William"]
[Black "Ribeiro, Fernando"]
[Result "1-0"]
[WhiteElo "2055"]
[BlackElo "2243"]
[PlyCount "142"]
[EventDate "2016.12.17"]
[EventType "tourn"]
[EventRounds "9"]
[EventCountry "ESP"]
[SourceTitle "Ajedrez en Madrid"]
[Source "lmi"]
[SourceDate "2016.12.17"]

1. e4 d5 2. exd5 Qxd5 3. Nc3 Qd6 4. d4 Nf6 5. Nf3 a6 6. g3 Bg4 7. Bg2 Nc6 8.
O-O O-O-O 9. h3 Bh5 10. d5 Nxd5 11. Nxd5 Qxd5 12. Qxd5 Rxd5 13. Ng5 Rd6 14. f4
e6 15. g4 Bg6 16. f5 exf5 17. gxf5 Bh5 18. Ne4 Rd7 19. Ng3 Bc5+ 20. Kh1 g6 21.
Nxh5 gxh5 22. Bf4 Nd4 23. Rad1 Rhd8 24. Bg5 Ne2 25. Bxb7+ Kxb7 26. Bxd8 Bd6 27.
Bh4 Kc6 28. Rd2 Ng3+ 29. Bxg3 Bxg3 30. Rxd7 Kxd7 31. Rf3 Be5 32. b3 Ke7 33. Kg2
Kf6 34. h4 Ke7 35. Kf2 Kd6 36. Ke3 Bf6 37. Ke4 Bxh4 38. Rh3 Bg5 39. Rxh5 h6 40.
Rh3 f6 41. a4 Kc5 42. Rc3+ Kb6 43. Kd5 h5 44. Ke6 h4 45. Kd7 Bf4 46. Rh3 Bg5
47. Rc3 Bf4 48. Ke6 Bg5 49. b4 Kb7 50. Rb3 c6 51. c4 Kb6 52. c5+ Kc7 53. Ke7
Kb7 54. Kf7 Kc7 55. Rd3 Kc8 56. Kg6 Kc7 57. Kh5 Kc8 58. Kg4 Kc7 59. Rd6 Kb7 60.
Rd7+ Kb8 61. Rf7 a5 62. bxa5 Kc8 63. a6 Kb8 64. a7+ Ka8 65. Rc7 h3 66. Kxh3 Bf4
67. Rxc6 Be5 68. Ra6 Bd4 69. c6 Bxa7 70. c7 Kb7 71. Rxa7+ Kc8 1-0

[Event "12. Festival GEMA63 2016 - Grupo MI "]
[Site "Mondariz Balneario ESP"]
[Date "2016.12.20"]
[Round "5.3"]
[White "Mihajlov, Sebastian"]
[Black "Galego, Luis"]
[Result "1/2-1/2"]
[WhiteElo "2384"]
[BlackElo "2484"]
[PlyCount "39"]
[EventDate "2016.12.17"]
[EventType "tourn"]
[EventRounds "9"]
[EventCountry "ESP"]
[SourceTitle "Ajedrez en Madrid"]
[Source "lmi"]
[SourceDate "2016.12.17"]

1. d4 Nf6 2. c4 e6 3. Nf3 d5 4. Nc3 Be7 5. Bf4 O-O 6. e3 c5 7. dxc5 Bxc5 8. a3
Nc6 9. cxd5 exd5 10. Be2 a6 11. b4 Ba7 12. O-O d4 13. exd4 Nxd4 14. Nxd4 Qxd4
15. Qxd4 Bxd4 16. Rac1 Bxc3 17. Rxc3 Nd5 18. Rc4 b5 19. Rd4 Nxf4 20. Rxf4
1/2-1/2

[Event "12. Festival GEMA63 2016 - Grupo MI "]
[Site "Mondariz Balneario ESP"]
[Date "2016.12.20"]
[Round "5.4"]
[White "Larino Nieto, David"]
[Black "Rodriguez Lopez, Rafael"]
[Result "1-0"]
[WhiteElo "2481"]
[BlackElo "2256"]
[PlyCount "37"]
[EventDate "2016.12.17"]
[EventType "tourn"]
[EventRounds "9"]
[EventCountry "ESP"]
[SourceTitle "Ajedrez en Madrid"]
[Source "lmi"]
[SourceDate "2016.12.17"]

1. e4 e5 2. Nf3 Nc6 3. Nc3 Nf6 4. a3 Bd6 5. g4 g6 6. Bc4 Nxg4 7. d3 h6 8. Rg1
Nf6 9. Be3 Bf8 10. Nh4 d6 11. Qf3 Qe7 12. O-O-O Bd7 13. Nxg6 fxg6 14. Rxg6 Bg7
15. Rdg1 Bg4 16. R1xg4 Nxg4 17. Qxg4 h5 18. Qh3 Kf8 19. Qf5+ 1-0

[Event "12. Festival GEMA63 2016 - Grupo MI "]
[Site "Mondariz Balneario ESP"]
[Date "2016.12.20"]
[Round "5.5"]
[White "Gonzalez Trigal, Jose Luis"]
[Black "Sousa, Andre Ventura"]
[Result "1-0"]
[WhiteElo "2338"]
[BlackElo "2399"]
[PlyCount "101"]
[EventDate "2016.12.17"]
[EventType "tourn"]
[EventRounds "9"]
[EventCountry "ESP"]
[SourceTitle "Ajedrez en Madrid"]
[Source "lmi"]
[SourceDate "2016.12.17"]

1. d4 Nf6 2. c4 g6 3. Nc3 Bg7 4. e4 d6 5. Nf3 O-O 6. Be2 e5 7. d5 Na6 8. O-O
Nc5 9. Qc2 Nh5 10. Bg5 f6 11. Be3 f5 12. exf5 Bxf5 13. Qd2 Nf4 14. Bxf4 exf4
15. Nd4 Bd7 16. b4 Qf6 17. Rad1 Na6 18. a3 Rae8 19. Bf3 Kh8 20. Nce2 Nb8 21. c5
dxc5 22. bxc5 c6 23. Qb4 Bc8 24. dxc6 Nxc6 25. Nxc6 bxc6 26. Nd4 Qg5 27. Nxc6
Rf7 28. Rfe1 Ref8 29. Nd4 h5 30. Ne6 Bxe6 31. Rxe6 Qf5 32. Qc4 Rc7 33. c6 g5
34. h3 g4 35. Be4 Qa5 36. Bc2 Qxa3 37. Qd5 Rf6 38. Qd8+ Qf8 39. Re8 Rcxc6 40.
Rxf8+ Rxf8 41. Qd3 Rh6 42. Re1 f3 43. Re6 Bf6 44. gxf3 gxh3 45. Qf5 a5 46. Qxa5
h4 47. Qf5 h2+ 48. Kxh2 h3 49. f4 Rf7 50. Re8+ Kg7 51. Qg4+ 1-0

[Event "12. Festival GEMA63 2016 - Grupo MI "]
[Site "Mondariz Balneario ESP"]
[Date "2016.12.21"]
[Round "6.1"]
[White "Risting, Eivind Olav"]
[Black "Sousa, Andre Ventura"]
[Result "1-0"]
[WhiteElo "2222"]
[BlackElo "2399"]
[PlyCount "53"]
[EventDate "2016.12.17"]
[EventType "tourn"]
[EventRounds "9"]
[EventCountry "ESP"]
[SourceTitle "Ajedrez en Madrid"]
[Source "lmi"]
[SourceDate "2016.12.17"]

1. Nf3 Nf6 2. g3 g6 3. b3 Bg7 4. Bb2 O-O 5. Bg2 a5 6. c4 a4 7. O-O c5 8. d4 Ne4
9. Qc2 d5 10. cxd5 Bf5 11. g4 axb3 12. axb3 Rxa1 13. Bxa1 Ng3 14. gxf5 Nxf1 15.
fxg6 fxg6 16. Kxf1 Qd6 17. dxc5 Qf4 18. Bxg7 Kxg7 19. Qc3+ Rf6 20. Nbd2 Nd7 21.
e3 Qf5 22. e4 Qf4 23. Bh3 Nf8 24. e5 Rf7 25. e6+ Rf6 26. d6 Qh6 27. Kg2 1-0

[Event "12. Festival GEMA63 2016 - Grupo MI "]
[Site "Mondariz Balneario ESP"]
[Date "2016.12.21"]
[Round "6.2"]
[White "Rodriguez Lopez, Rafael"]
[Black "Gonzalez Trigal, Jose Luis"]
[Result "1/2-1/2"]
[WhiteElo "2256"]
[BlackElo "2338"]
[PlyCount "138"]
[EventDate "2016.12.17"]
[EventType "tourn"]
[EventRounds "9"]
[EventCountry "ESP"]
[SourceTitle "Ajedrez en Madrid"]
[Source "lmi"]
[SourceDate "2016.12.17"]

1. e4 c5 2. Nf3 d6 3. d4 cxd4 4. Nxd4 Nf6 5. Nc3 g6 6. Be2 Bg7 7. O-O O-O 8.
Bg5 Nc6 9. Nb3 Be6 10. Re1 Rc8 11. Bf1 Nd7 12. Rb1 Nb6 13. Nd5 Re8 14. c3 Ne5
15. h3 Nec4 16. Nf4 Bd7 17. Nd3 a5 18. Nd4 a4 19. Nb4 Rc5 20. Bh4 Qc8 21. Qe2
a3 22. Nd3 Rc7 23. bxa3 Na4 24. Rb3 Na5 25. Rb4 Nxc3 26. Qd2 Nc6 27. Nxc6 Bxc6
28. e5 Nd5 29. exd6 exd6 30. Rxe8+ Qxe8 31. Rb1 Qa8 32. Nb4 Nc3 33. Re1 d5 34.
Nxc6 bxc6 35. Qf4 Ra7 36. Bd3 Ra4 37. Qg5 h6 38. Qe7 Bf8 39. Qf6 Ne4 40. Bxe4
Rxe4 41. Rxe4 dxe4 42. Bg3 Bg7 43. Qe7 Bf8 44. Qxe4 Qxa3 45. Qc4 Qb4 46. Qxb4
Bxb4 47. Kf1 Kf8 48. Ke2 Ke7 49. Kd3 Kd7 50. Bf4 h5 51. Kc4 Be7 52. f3 Kc8 53.
Be3 Kb7 54. Bc5 Bh4 55. g4 hxg4 56. hxg4 f5 57. gxf5 gxf5 58. Bd6 Bf2 59. Be5
Be3 60. Kd3 Bg5 61. Bd4 Ka6 62. Be3 Bf6 63. Kc4 Kb7 64. Kc5 Be7+ 65. Kd4 Bf6+
66. Kc4 Be7 67. Bc5 Bh4 68. Kd3 Ka6 69. Kc4 Kb7 1/2-1/2

[Event "12. Festival GEMA63 2016 - Grupo MI "]
[Site "Mondariz Balneario ESP"]
[Date "2016.12.21"]
[Round "6.4"]
[White "Ribeiro, Fernando"]
[Black "Mihajlov, Sebastian"]
[Result "0-1"]
[WhiteElo "2243"]
[BlackElo "2384"]
[PlyCount "86"]
[EventDate "2016.12.17"]
[EventType "tourn"]
[EventRounds "9"]
[EventCountry "ESP"]
[SourceTitle "Ajedrez en Madrid"]
[Source "lmi"]
[SourceDate "2016.12.17"]

1. e4 e6 2. Qe2 c5 3. g3 Nc6 4. Nf3 g6 5. Bg2 Bg7 6. O-O Nge7 7. Re1 O-O 8. d3
d5 9. Nbd2 b6 10. h4 h6 11. Nf1 Ba6 12. e5 Nf5 13. c3 Re8 14. Bf4 f6 15. exf6
Qxf6 16. N1h2 h5 17. Qd2 e5 18. Bg5 Qf7 19. Nf1 e4 20. dxe4 dxe4 21. N3h2 Bd3
22. f3 Bxf1 23. Nxf1 exf3 24. Bxf3 Nfd4 25. Bg2 Nf3+ 26. Bxf3 Qxf3 27. Qg2 Ne5
28. Ne3 Qxg2+ 29. Kxg2 Nd3 30. Re2 Re4 31. Rd1 c4 32. Red2 b5 33. Rf1 Rae8 34.
Re2 a5 35. Rd1 b4 36. cxb4 axb4 37. b3 Nb2 38. Rxb2 Bxb2 39. Nxc4 Re2+ 40. Kf3
Bc3 41. a3 bxa3 42. Nxa3 Be1 43. Nc4 Rf2# 0-1

[Event "12. Festival GEMA63 2016 - Grupo MI "]
[Site "Mondariz Balneario ESP"]
[Date "2016.12.21"]
[Round "6.5"]
[White "Gomez Dominguez, Xabier"]
[Black "Cardenas, William"]
[Result "1/2-1/2"]
[WhiteElo "2166"]
[BlackElo "2055"]
[PlyCount "50"]
[EventDate "2016.12.17"]
[EventType "tourn"]
[EventRounds "9"]
[EventCountry "ESP"]
[SourceTitle "Ajedrez en Madrid"]
[Source "lmi"]
[SourceDate "2016.12.17"]

1. e4 c5 2. Nc3 Nc6 3. g3 g6 4. Bg2 Bg7 5. d3 d6 6. f4 e6 7. Nf3 Nge7 8. Be3
O-O 9. O-O b6 10. Bf2 Rb8 11. Re1 e5 12. Qd2 Nd4 13. Nxd4 exd4 14. Nd5 Nxd5 15.
exd5 Bd7 16. h3 f5 17. Re2 Qf6 18. Rae1 Rbe8 19. Kh2 Qf7 20. b3 Rxe2 21. Rxe2
Re8 22. a4 Rxe2 23. Qxe2 Qe8 24. Qxe8+ Bxe8 25. Be1 h5 1/2-1/2

[Event "12. Festival GEMA63 2016 - Grupo MI "]
[Site "Mondariz Balneario ESP"]
[Date "2016.12.21"]
[Round "7.1"]
[White "Cardenas, William"]
[Black "Risting, Eivind Olav"]
[Result "1/2-1/2"]
[WhiteElo "2055"]
[BlackElo "2222"]
[PlyCount "55"]
[EventDate "2016.12.17"]
[EventType "tourn"]
[EventRounds "9"]
[EventCountry "ESP"]
[SourceTitle "Ajedrez en Madrid"]
[Source "lmi"]
[SourceDate "2016.12.17"]

1. e4 e6 2. d4 d5 3. Nc3 Nf6 4. Bg5 dxe4 5. Nxe4 Be7 6. Bxf6 gxf6 7. Nf3 f5 8.
Nc3 a6 9. Qd2 O-O 10. O-O-O b5 11. Kb1 Bb7 12. h4 Bf6 13. Rh3 Kh8 14. Ne2 c5
15. Ng5 cxd4 16. Nxd4 Bg7 17. g4 Qxd4 18. Qxd4 Bxd4 19. Rxd4 fxg4 20. Rc3 h6
21. Rc7 hxg5 22. Rxb7 Nc6 23. Rxg4 Rab8 24. Rxb8 Rxb8 25. hxg5 Rd8 26. Bd3 Ne5
27. Rg3 Kg7 28. b3 1/2-1/2

[Event "12. Festival GEMA63 2016 - Grupo MI "]
[Site "Mondariz Balneario ESP"]
[Date "2016.12.21"]
[Round "7.2"]
[White "Mihajlov, Sebastian"]
[Black "Gomez Dominguez, Xabier"]
[Result "1-0"]
[WhiteElo "2384"]
[BlackElo "2166"]
[PlyCount "95"]
[EventDate "2016.12.17"]
[EventType "tourn"]
[EventRounds "9"]
[EventCountry "ESP"]
[SourceTitle "Ajedrez en Madrid"]
[Source "lmi"]
[SourceDate "2016.12.17"]

1. d4 Nf6 2. c4 g6 3. Nc3 Bg7 4. e4 d6 5. Nf3 O-O 6. h3 e5 7. d5 Nh5 8. g3 Na6
9. Be3 f5 10. exf5 gxf5 11. Nh4 Nf6 12. Bd3 f4 13. gxf4 exf4 14. Bd2 Nc5 15.
Bc2 Re8+ 16. Kf1 Nfe4 17. Nf3 Qf6 18. Ne2 Nxd2+ 19. Qxd2 Bd7 20. Ned4 Ne4 21.
Qd3 Re7 22. Re1 Rae8 23. Re2 c5 24. Ne6 Bxe6 25. dxe6 Qxe6 26. Ke1 Bxb2 27. Rh2
Qg6 28. Kf1 Kh8 29. Rg2 Qf6 30. Ba4 Nc3 31. Rxb2 Nxa4 32. Rd2 Qe6 33. Rg4 Rg8
34. Ng5 Qe5 35. Re2 Qa1+ 36. Kg2 Rgg7 37. Qxd6 f3+ 38. Nxf3 Rxg4+ 39. hxg4 Rg7
40. Re8+ Rg8 41. Rxg8+ Kxg8 42. Qd8+ Kg7 43. Qd7+ Kg8 44. Qxa4 Qb1 45. Qe8+ Kg7
46. Qe7+ Kg8 47. Ne5 Qe4+ 48. Kg3 1-0

[Event "12. Festival GEMA63 2016 - Grupo MI "]
[Site "Mondariz Balneario ESP"]
[Date "2016.12.21"]
[Round "7.3"]
[White "Larino Nieto, David"]
[Black "Ribeiro, Fernando"]
[Result "1-0"]
[WhiteElo "2481"]
[BlackElo "2243"]
[PlyCount "75"]
[EventDate "2016.12.17"]
[EventType "tourn"]
[EventRounds "9"]
[EventCountry "ESP"]
[SourceTitle "Ajedrez en Madrid"]
[Source "lmi"]
[SourceDate "2016.12.17"]

1. f4 d5 2. g3 g6 3. Bg2 Bg7 4. Nf3 Nf6 5. O-O c5 6. d3 Nc6 7. Qe1 O-O 8. e4
dxe4 9. dxe4 b6 10. Nc3 Bb7 11. e5 Nd5 12. Nxd5 Qxd5 13. Be3 Rad8 14. Rf2 Qd7
15. a4 Qc7 16. Rd1 Rxd1 17. Qxd1 Rd8 18. Rd2 f6 19. Qe2 Rxd2 20. Bxd2 Qd7 21.
Bc3 Nd8 22. b3 Qe6 23. Kf2 Kf8 24. a5 Ke8 25. a6 Bd5 26. Bb2 Kd7 27. c4 Bc6 28.
b4 fxe5 29. Ng5 Qg8 30. Bh3+ Ke8 31. b5 Bd7 32. Bxd7+ Kxd7 33. Kg2 exf4 34.
Qd3+ Ke8 35. Bxg7 fxg3 36. Be5 gxh2 37. Bc7 Nf7 38. Qd5 1-0

[Event "12. Festival GEMA63 2016 - Grupo MI "]
[Site "Mondariz Balneario ESP"]
[Date "2016.12.21"]
[Round "7.4"]
[White "Gonzalez Trigal, Jose Luis"]
[Black "Galego, Luis"]
[Result "1/2-1/2"]
[WhiteElo "2338"]
[BlackElo "2484"]
[PlyCount "93"]
[EventDate "2016.12.17"]
[EventType "tourn"]
[EventRounds "9"]
[EventCountry "ESP"]
[SourceTitle "Ajedrez en Madrid"]
[Source "lmi"]
[SourceDate "2016.12.17"]

1. d4 Nf6 2. c4 e6 3. Nc3 Bb4 4. Qc2 c5 5. dxc5 Bxc5 6. Nf3 Nc6 7. e3 O-O 8. a3
d5 9. b4 Be7 10. Bb2 dxc4 11. Bxc4 a6 12. O-O Qc7 13. Ba2 Bd7 14. Rac1 Rac8 15.
Rfd1 Ne5 16. Nxe5 Qxe5 17. Qe2 Qg5 18. Qf3 Bc6 19. Qg3 Qxg3 20. hxg3 h5 21. Ne2
Ba4 22. Rxc8 Rxc8 23. Rc1 Rxc1+ 24. Nxc1 Ne4 25. Nb3 Bf6 26. Bxf6 Bxb3 27. Bxb3
Nxf6 28. f3 Kf8 29. e4 Ke7 30. Kf2 Kd6 31. Ke3 Nd7 32. Kd4 g5 33. Ba4 b5 34.
Bb3 Ne5 35. f4 Nc6+ 36. Ke3 a5 37. e5+ Kc7 38. bxa5 Nxa5 39. Ba2 gxf4+ 40. gxf4
Nc6 41. Ke4 Ne7 42. Bb3 h4 43. Bd1 Nd5 44. Bb3 Ne7 45. Bd1 Nd5 46. Bb3 Ne7 47.
Bd1 1/2-1/2

[Event "12. Festival GEMA63 2016 - Grupo MI "]
[Site "Mondariz Balneario ESP"]
[Date "2016.12.21"]
[Round "7.5"]
[White "Sousa, Andre Ventura"]
[Black "Rodriguez Lopez, Rafael"]
[Result "1/2-1/2"]
[WhiteElo "2399"]
[BlackElo "2256"]
[PlyCount "67"]
[EventDate "2016.12.17"]
[EventType "tourn"]
[EventRounds "9"]
[EventCountry "ESP"]
[SourceTitle "Ajedrez en Madrid"]
[Source "lmi"]
[SourceDate "2016.12.17"]

1. e4 e5 2. Nf3 Nc6 3. Bc4 Bc5 4. d3 Nf6 5. a3 a6 6. O-O d6 7. h3 h6 8. Nc3 O-O
9. Ne2 Be6 10. Ng3 b5 11. Ba2 Bxa2 12. Rxa2 d5 13. b4 Bb6 14. c3 dxe4 15. dxe4
Qxd1 16. Rxd1 Rfd8 17. Rad2 Rxd2 18. Rxd2 a5 19. Bb2 g6 20. a4 axb4 21. axb5
bxc3 22. Bxc3 Nd4 23. Nxd4 exd4 24. Bxd4 Rd8 25. Be3 Rxd2 26. Bxd2 h5 27. Bg5
Ne8 28. Be7 f6 29. Ne2 Kf7 30. Ba3 Ng7 31. Nf4 f5 32. exf5 Nxf5 33. Nd5 Nd4 34.
g4 1/2-1/2

[Event "12. Festival GEMA63 2016 - Grupo MI "]
[Site "Mondariz Balneario ESP"]
[Date "2016.12.22"]
[Round "8.1"]
[White "Risting, Eivind Olav"]
[Black "Rodriguez Lopez, Rafael"]
[Result "1/2-1/2"]
[WhiteElo "2222"]
[BlackElo "2256"]
[PlyCount "127"]
[EventDate "2016.12.17"]
[EventType "tourn"]
[EventRounds "9"]
[EventCountry "ESP"]
[SourceTitle "Ajedrez en Madrid"]
[Source "lmi"]
[SourceDate "2016.12.17"]

1. d4 Nf6 2. c4 e6 3. Nc3 Bb4 4. Qc2 c5 5. dxc5 O-O 6. Nf3 Na6 7. g3 Nxc5 8.
Bg2 Nce4 9. O-O Nxc3 10. bxc3 Bc5 11. e4 d6 12. e5 dxe5 13. Nxe5 Qc7 14. Qe2
Bd6 15. Re1 Ne8 16. c5 Qxc5 17. c4 f6 18. Nf3 e5 19. Be3 Qc7 20. Nd2 Bc5 21.
Rab1 Rb8 22. Bd5+ Kh8 23. Ne4 Bxe3 24. Qxe3 b6 25. Qa3 Rf7 26. Bxf7 Qxf7 27. c5
Bf5 28. c6 Rc8 29. Rbc1 h6 30. Qa4 Be6 31. c7 Rxc7 32. Rxc7 Nxc7 33. Qxa7 Bxa2
34. Rc1 Nb5 35. Qxf7 Bxf7 36. Rc8+ Kh7 37. Rb8 Bd5 38. Rxb6 Bxe4 39. Rxb5 Kg8
40. f4 exf4 41. gxf4 g5 42. f5 h5 43. Kf2 h4 44. Ke3 Bc2 45. Rc5 Bb1 46. Kf3
Bd3 47. Rd5 Bc2 48. Kg4 Bb3 49. Rd7 Bf7 50. Kf3 Bb3 51. Rc7 Ba2 52. Ra7 Bb3 53.
Ke3 Bc2 54. Ra5 Kg7 55. Rc5 Bb1 56. Kd4 Kf7 57. Rb5 Bc2 58. Rd5 Bb1 59. h3 Ke7
60. Rb5 Bc2 61. Rc5 Bb1 62. Rb5 Bc2 63. Rc5 Bb1 64. Rb5 1/2-1/2

[Event "12. Festival GEMA63 2016 - Grupo MI "]
[Site "Mondariz Balneario ESP"]
[Date "2016.12.22"]
[Round "8.2"]
[White "Galego, Luis"]
[Black "Sousa, Andre Ventura"]
[Result "1-0"]
[WhiteElo "2484"]
[BlackElo "2399"]
[PlyCount "41"]
[EventDate "2016.12.17"]
[EventType "tourn"]
[EventRounds "9"]
[EventCountry "ESP"]
[SourceTitle "Ajedrez en Madrid"]
[Source "lmi"]
[SourceDate "2016.12.17"]

1. d4 Nf6 2. Nf3 g6 3. Bg5 Bg7 4. Nbd2 O-O 5. e3 b6 6. Bd3 Bb7 7. O-O d6 8. Qe2
c5 9. c3 Qc7 10. e4 e5 11. dxe5 dxe5 12. Bxf6 Bxf6 13. a4 a6 14. Rfd1 Bg7 15.
Nf1 Bh6 16. Bc4 Nc6 17. Ne3 Bxe3 18. Qxe3 Kg7 19. Bd5 Rfd8 20. Ng5 h6 21. Nxf7
1-0

[Event "12. Festival GEMA63 2016 - Grupo MI "]
[Site "Mondariz Balneario ESP"]
[Date "2016.12.22"]
[Round "8.3"]
[White "Ribeiro, Fernando"]
[Black "Gonzalez Trigal, Jose Luis"]
[Result "0-1"]
[WhiteElo "2243"]
[BlackElo "2338"]
[PlyCount "76"]
[EventDate "2016.12.17"]
[EventType "tourn"]
[EventRounds "9"]
[EventCountry "ESP"]
[SourceTitle "Ajedrez en Madrid"]
[Source "lmi"]
[SourceDate "2016.12.17"]

1. e4 c5 2. Nf3 g6 3. g3 Nc6 4. Bg2 Bg7 5. O-O e5 6. d3 Nge7 7. a3 d6 8. c3 O-O
9. b4 a6 10. Nbd2 h6 11. Rb1 b6 12. d4 cxb4 13. cxb4 exd4 14. Nb3 d5 15. Nfxd4
Nxd4 16. Nxd4 dxe4 17. Bxe4 Ra7 18. Ne2 Bg4 19. Qxd8 Rxd8 20. Re1 Nd5 21. Bxd5
Rxd5 22. Be3 Re7 23. Nf4 Rd6 24. a4 g5 25. Ng2 Re4 26. Rec1 a5 27. bxa5 bxa5
28. Bc5 Rc6 29. Ne3 Be6 30. Rb5 Rxa4 31. Rcb1 Ra2 32. Kg2 Ra6 33. Kf3 a4 34. h4
g4+ 35. Nxg4 a3 36. Ne3 Rd2 37. Rb8+ Kh7 38. Bxa3 Rxa3 0-1

[Event "12. Festival GEMA63 2016 - Grupo MI "]
[Site "Mondariz Balneario ESP"]
[Date "2016.12.22"]
[Round "8.4"]
[White "Gomez Dominguez, Xabier"]
[Black "Larino Nieto, David"]
[Result "1-0"]
[WhiteElo "2166"]
[BlackElo "2481"]
[PlyCount "145"]
[EventDate "2016.12.17"]
[EventType "tourn"]
[EventRounds "9"]
[EventCountry "ESP"]
[SourceTitle "Ajedrez en Madrid"]
[Source "lmi"]
[SourceDate "2016.12.17"]

1. e4 c5 2. Nc3 Nc6 3. g3 g6 4. Bg2 Bg7 5. d3 d6 6. f4 e5 7. Nh3 h5 8. Nf2 h4
9. Be3 h3 10. Bf1 exf4 11. gxf4 Nd4 12. Nd5 Be6 13. c3 Bxd5 14. exd5 Qe7 15.
Kd2 Kf8 16. Ne4 Nf6 17. Nxf6 Qxf6 18. Rg1 Re8 19. Rg4 Bh6 20. cxd4 cxd4 21. Bg1
Bxf4+ 22. Kc2 Be3 23. Kb3 Qf5 24. Ka3 Qxd5 25. Qb3 Qf5 26. Rg3 a5 27. Qb6 Bd2
28. Qxd4 Kg8 29. Rd1 Bb4+ 30. Kb3 Rc8 31. Qe4 Qd7 32. a3 d5 33. Rxg6+ Kf8 34.
Qe5 Rh7 35. Rb6 Be7 36. Bd4 a4+ 37. Ka2 Rc2 38. Be2 Bd8 39. Rd6 Qc7 40. Qxd5
Be7 41. Rd7 Qc6 42. Qxc6 bxc6 43. Bf3 Rxh2 44. Rc1 c5 45. Bxc5 Bxc5 46. Rxc5
Rf2 47. Be4 h2 48. Rc8+ Kg7 49. Rc1 Rh5 50. Rh1 Rb5 51. Rb1 Rg5 52. Rc7 Kh6 53.
Rc8 Kh5 54. d4 f5 55. Rh8+ Kg4 56. Bh1 Kf4 57. Ba8 Rg6 58. d5 Rd2 59. Rf1+ Kg3
60. Rxf5 Rb6 61. Rg8+ Kh4 62. Rf4+ Kh5 63. Rh8+ Kg5 64. Rb4 Rf6 65. Rxa4 Rff2
66. Rb4 Kf5 67. a4 Ke5 68. Rh6 Rf8 69. Bc6 Rf1 70. d6 Rdd1 71. d7 Rg1 72. Rb5+
Kf4 73. Rxh2 1-0

[Event "12. Festival GEMA63 2016 - Grupo MI "]
[Site "Mondariz Balneario ESP"]
[Date "2016.12.22"]
[Round "8.5"]
[White "Cardenas, William"]
[Black "Mihajlov, Sebastian"]
[Result "0-1"]
[WhiteElo "2055"]
[BlackElo "2384"]
[PlyCount "78"]
[EventDate "2016.12.17"]
[EventType "tourn"]
[EventRounds "9"]
[EventCountry "ESP"]
[SourceTitle "Ajedrez en Madrid"]
[Source "lmi"]
[SourceDate "2016.12.17"]

1. Nf3 Nf6 2. g3 g6 3. b3 Bg7 4. Bb2 d6 5. d4 Bf5 6. Bg2 Qc8 7. h3 O-O 8. c4 c6
9. Nc3 Ne4 10. Nh4 Nxc3 11. Bxc3 Bd7 12. Rc1 e5 13. e4 Na6 14. Qd2 Re8 15. d5
Nc5 16. Bb4 cxd5 17. Bxc5 Qxc5 18. cxd5 Qb5 19. Bf1 Qb6 20. Bc4 Rac8 21. Kf1
Qd4 22. Qxd4 exd4 23. Re1 b5 24. Bd3 f5 25. f3 fxe4 26. Bxe4 Bf5 27. Ng2 Bxe4
28. fxe4 Rc3 29. Nf4 Rxg3 30. Kf2 Rc3 31. Ne6 Be5 32. Re2 Re7 33. Rd2 Rf7+ 34.
Ke2 Re3+ 35. Kd1 d3 36. Rg2 Bc3 37. Rhg1 Rf6 38. Nc7 Ref3 39. Re1 Rf1 0-1